[Event "Gibraltar Masters"]
[Site "Gibraltar"]
[Date "2007.02.01"]
[Round "9"]
[White "Nakamura, Hikaru"]
[Black "Sulskis, Sarunas"]
[Result "1-0"]
[WhiteElo "2651"]
[BlackElo "2525"]
[PlyCount "143"]
[EventDate "2007.01.23"]
[EventType "swiss"]
[EventRounds "9"]
[EventCountry "ENG"]
[SourceTitle "CBM 116 Extra"]
[Source "ChessBase"]
[SourceDate "2007.03.07"]
[SourceVersion "1"]
[SourceVersionDate "2007.03.07"]
[SourceQuality "1"]

1. d4 Nf6 2. c4 e6 3. Nc3 Bb4 4. e3 Bxc3+ 5. bxc3 d6 6. Bd3 e5 7. Ne2 e4 8. Bc2 Be6 9. Ng3 Bxc4 10. Nxe4 Nxe4 11. Bxe4 d5 12. Bc2 $146 ({RR} 12. Bd3 Bxd3 13. Qxd3 O-O 14. O-O Qd6 15. Rb1 b6 16. c4 dxc4 17. Qxc4 Nd7 18. e4 c5 19. Ba3 Rfe8 20. f3 Qxd4+ 21. Qxd4 cxd4 22. Rfd1 Rac8 23. Rxd4 Ne5 24. Rbd1 f6 25. Bd6 Rc2 26. a4 h5 {Kulaots,K (2556)-Sulskis,S (2557) Tallinn 2015 ½-½ (38)}) 12... O-O 13. Qh5 g6 14. Qh6 Qf6 15. h4 Qg7 16. Qxg7+ Kxg7 17. Bb3 Bxb3 18. axb3 Nd7 19. c4 f5 20. Ke2 Nf6 21. Kd3 c6 22. f3 Rfe8 23. Bd2 h5 24. Be1 Kf7 25. Bg3 a6 26. Bf4 Rec8 27. Rhc1 Ke6 28. Rc2 Rd8 29. Ra5 Rd7 30. Bg5 Kf7 31. Rc1 Re8 32. Bf4 Rdd8 33. Be5 Rd7 34. Ke2 Red8 35. Rf1 Re7 36. Kf2 Rde8 37. Ke2 Nd7 38. Bf4 Nf6 39. Kd3 Re6 40. Bg5 Rd6 41. cxd5 Rxd5 42. Rxd5 Nxd5 43. e4 Nc7 44. Bf4 Ne6 45. Be3 Ke7 46. Kc4 Kd6 47. Rd1 fxe4 48. fxe4 Rf8 49. Kb4 Kc7 50. Rc1 Re8 51. Kc4 Kd7 52. Rf1 Rf8 53. Rxf8 Nxf8 54. d5 cxd5+ 55. Kxd5 Ne6 56. Ke5 Ke7 57. g3 Nc7 58. Bg5+ Kf7 59. Kd6 Ne6 60. Be3 Kf6 61. b4 Kf7 62. e5 b5 63. Kc6 Ke7 64. Kb6 Kd7 65. Kxa6 Kc6 66. Ka7 Nc7 67. Kb8 Na6+ 68. Kc8 Nxb4 69. e6 Nd5 70. Bf4 b4 71. Kd8 Nf6 72. e7 1-0

[Event "Titled Tue 4th Jun Late"]
[Site "chess.com INT"]
[Date "2024.06.04"]
[Round "8"]
[White "Nakamura, Hi"]
[Black "Svane, R.."]
[Result "1-0"]
[WhiteElo "2794"]
[BlackElo "2633"]
[PlyCount "81"]
[EventDate "2024.06.04"]

1. d4 Nf6 2. c4 e6 3. Nc3 Bb4 4. f3 d5 5. a3 Be7 6. cxd5 exd5 ({RR} 6... Nxd5 7. e4 Nxc3 8. bxc3 c5 9. Bd3 Nc6 10. Ne2 O-O 11. Be3 cxd4 12. cxd4 Qa5+ 13. Kf2 b5 14. Qd2 Bd7 15. Rhb1 a6 16. Qxa5 Nxa5 17. Bd2 Nc6 18. a4 bxa4 19. Rb7 Rfd8 20. Bc2 Bc8 21. Rc7 {Nogueiras Santiago,J (2545)-Sax,G (2565) Sarajevo 1985 1-0 (36)}) 7. Bf4 ({RR} 7. e4 dxe4 8. fxe4 O-O 9. Nf3 Re8 10. Bc4 Be6 11. Bxe6 fxe6 12. Qb3 Qd7 13. Ne5 Qd6 14. Be3 Qb6 15. Qa2 Nbd7 16. Nc4 Qc6 17. Nd2 Ng4 18. Bg1 Bg5 19. Nf3 Be3 20. Bxe3 Nxe3 21. Kf2 Ng4+ {Wang,T (2355)-Blanco Amaro,G (2076) Chicago USA 2025 0-1 (34)}) 7... c5 $146 ({RR} 7... O-O 8. Bg3 c5 9. e3 Nc6 10. Nge2 Re8 11. Bf2 cxd4 12. Nxd4 Bc5 13. Be2 Bd7 14. O-O Qe7 15. Rc1 Rad8 16. Kh1 Bd6 17. Bd3 Bb8 18. Re1 Ne5 19. Bf5 a6 20. Bg3 Ba7 21. Bxd7 Rxd7 22. Qb3 {Parra Gomez,A (2208)-Komov,R (2247) chess.com INT 2023 0-1 (59)}) 8. e3 O-O 9. Bd3 Nc6 10. Nge2 Be6 11. Bg3 Nh5 12. Bf2 cxd4 13. exd4 Bd6 14. Qd2 Qf6 15. Be3 h6 16. O-O Qh4 17. g3 Qe7 18. Bxh6 f5 19. Bg5 Qf7 20. Rae1 Rae8 21. Bb1 Na5 22. Nb5 Nc4 23. Nxd6 Nxd6 24. b3 Bd7 25. Nf4 Nxf4 26. Bxf4 Nc8 27. Rc1 Bc6 28. Bd3 Re6 29. Be5 Ne7 30. f4 Nc8 31. g4 fxg4 32. f5 Rf6 33. Rf4 Nd6 34. Bxf6 Qxf6 35. Rxg4 Nxf5 36. Rf1 Bd7 37. Qg2 Qh6 38. Qxd5+ Be6 39. Qxe6+ Qxe6 40. Bc4 Qxc4 41. bxc4 1-0

[Event "Lloydminster BATB op 4th"]
[Site "Lloydminster"]
[Date "2010.09.05"]
[Round "3"]
[White "Nakamura, Hikaru"]
[Black "Teplitsky, Yan"]
[Result "1-0"]
[WhiteElo "2733"]
[BlackElo "2448"]
[PlyCount "67"]
[EventDate "2010.09.04"]
[EventType "swiss"]
[EventRounds "6"]
[EventCountry "CAN"]
[SourceTitle "CBM 138 Extra"]
[Source "ChessBase"]
[SourceDate "2010.10.29"]
[SourceVersion "1"]
[SourceVersionDate "2010.10.29"]
[SourceQuality "1"]

1. d4 Nf6 2. c4 e6 3. Nc3 Bb4 4. Qc2 c5 5. dxc5 Na6 6. a3 Bxc3+ 7. Qxc3 Nxc5 8. b4 Nce4 9. Qb2 d5 10. c5 d4 11. e3 e5 12. Nf3 ({RR} 12. Bb5+ Bd7 13. Bxd7+ Qxd7 14. Nf3 O-O-O 15. Nxe5 Qd5 16. exd4 Qxd4 17. Qxd4 Rxd4 18. Be3 Rd5 19. Nxf7 Rf8 20. Nd6+ Nxd6 21. cxd6 Ng4 22. O-O Nxe3 23. fxe3 Re8 24. Rac1+ Kd8 25. Rf7 Rxe3 26. Rxg7 b5 {Holt,C (2549)-Andreikin,D (2724) Chess.com INT 2021 1-0 (38)}) 12... Nc3 ({RR} 12... O-O 13. Nxe5 Re8 14. Qxd4 Qc7 15. Bb2 Bf5 16. Bc4 Rad8 17. Bxf7+ Kf8 18. Bxe8 Rxd4 19. Bxd4 Kxe8 20. f3 Ng5 21. e4 Ne6 22. Bb2 Bg6 23. O-O Nf4 24. Rad1 b6 25. c6 b5 26. Rf2 Bf7 27. Rfd2 {Shishkov,A (2340)-Matinian,N (2415) chess.com INT 2025 1-0 (53)}) 13. Bc4 $146 ({RR} 13. Nxe5 O-O 14. Bc4 Nfe4 15. O-O Be6 16. Bxe6 fxe6 17. f3 d3 18. Qb3 Ne2+ 19. Kh1 N4g3+ 20. hxg3 Nxg3+ 21. Kh2 Qh4+ 22. Kg1 Ne2# {0-1 (22) Eliseev,S (1970)-Loftgaard,M (2258) Stavanger NOR 2023}) ({RR} 13. Nxe5 O-O 14. Bc4 Nfe4 15. O-O Be6 16. Bxe6 fxe6 17. f3 d3 18. Qb3 Ne2+ 19. Kh1 N4g3+ 20. hxg3 Nxg3+ 21. Kh2 Qh4+ 22. Kg1 Ne2# {0-1 (22) Eliseev,S (1970)-Loftgaard,M (2258) Stavanger NOR 2023}) 13... b5 14. cxb6 Bb7 15. Nxe5 Bxg2 16. Rg1 Bd5 17. exd4 Nfe4 18. Be3 f6 19. Bxd5 Qxd5 20. f3 fxe5 21. fxe4 Nxe4 22. Rxg7 axb6 23. Qc2 exd4 24. O-O-O Qe6 25. Rxd4 Rc8 26. Rc7 Rxc7 27. Qxc7 O-O 28. Qc4 Re8 29. Qxe6+ Rxe6 30. Rd8+ Kf7 31. Rd7+ Kg6 32. Rb7 b5 33. Rxb5 Nc3 34. Rb6 1-0

[Event "Titled Tue 23rd Jan Early"]
[Site "chess.com INT"]
[Date "2024.01.23"]
[Round "5"]
[White "Nakamura, Hi"]
[Black "Terry, R.."]
[Result "1-0"]
[WhiteElo "2788"]
[BlackElo "2522"]
[PlyCount "125"]
[EventDate "2024.01.23"]

1. d4 e6 2. c4 Bb4+ 3. Nc3 c5 4. d5 Bxc3+ 5. bxc3 Qa5 6. Bd2 Nf6 7. f3 d6 8. e4 Nbd7 9. Nh3 ({RR} 9. Bd3 Ne5 10. Be2 Bd7 11. Nh3 Ba4 12. Qc1 a6 13. Nf4 exd5 14. cxd5 c4 15. O-O O-O 16. Kh1 Bd7 17. Be3 b5 18. Bd4 Rab8 19. a3 Qc7 20. Qe1 a5 21. Qh4 b4 22. axb4 axb4 23. Ra7 Rb7 {Chiappero,J (2238)-Buchenau,F (2190) chess.com INT 2025 0-1 (36)}) 9... Nb6 10. Nf2 Qa4 11. Qb3 Nfd7 $146 ({RR} 11... Bd7 12. Bd3 O-O 13. O-O Rfc8 14. Nd1 Qa6 15. Qb1 Ba4 16. Ne3 Nbd7 17. f4 Re8 18. g4 exd5 19. exd5 Rxe3 20. Bxe3 Nxg4 21. Bd2 Nf8 22. Qe1 Nf6 23. Qg3 b5 24. Rae1 bxc4 25. Bb1 Kh8 26. Re7 {Shabalov,A (2535)-Ivanov,A (2555) Philadelphia 1992 1-0}) 12. Nd1 Ne5 13. Nb2 Qd7 14. f4 Ng6 15. Bd3 e5 16. f5 Nf4 17. Bxf4 exf4 18. O-O Qe7 19. Rxf4 Nd7 20. Raf1 Ne5 21. Qd1 Qg5 22. Bc2 Bd7 23. Bb3 O-O-O 24. Nd3 Rhe8 25. Nxe5 Rxe5 26. Bc2 Kc7 27. a4 Qf6 28. a5 Ra8 29. Qd2 Ree8 30. Ra1 h6 31. Rff1 Qe5 32. Bd3 Reb8 33. Rfb1 Rg8 34. Rf1 Rgb8 35. Ra3 Rg8 36. g3 Rge8 37. Qf4 Rab8 38. Kf2 Ra8 39. Ke2 Rab8 40. Kd2 Ra8 41. Qh4 Rh8 42. Rb3 Rab8 43. Rfb1 Rhe8 44. Qf4 Ba4 45. Ra3 Bd7 46. Bc2 f6 47. Rf1 Re7 48. g4 Qxf4+ 49. Rxf4 Rg8 50. Rf2 Re5 51. h3 Rh8 52. Rg2 Ree8 53. Ra1 Ra8 54. h4 b6 55. Rgg1 Rhb8 56. g5 hxg5 57. hxg5 Rh8 58. gxf6 gxf6 59. Rg7 Rh2+ 60. Kc1 Rah8 61. axb6+ axb6 62. Ra7+ Kb8 63. Rgxd7 1-0

[Event "PRO League KO 2023"]
[Site "chess.com INT"]
[Date "2023.05.12"]
[Round "1.2"]
[White "Nakamura, Hi"]
[Black "Theodorou, Nikolas"]
[Result "1/2-1/2"]
[WhiteElo "2775"]
[BlackElo "2591"]
[PlyCount "220"]
[EventDate "2023.05.11"]
[WhiteTeam "Gotham Knights"]
[BlackTeam "Saint Louis Arch Bishops"]

1. d4 Nf6 2. c4 e6 3. Nc3 Bb4 4. e3 b6 5. Nge2 Ba6 6. a3 Bxc3+ 7. Nxc3 d5 8. b3 O-O 9. Be2 c5 10. dxc5 dxc4 11. Qxd8 Rxd8 12. cxb6 cxb3 13. Rb1 axb6 14. Rxb3 Nbd7 15. Bxa6 $146 ({RR} 15. Bb2 Rdc8 16. Bxa6 Rxa6 17. Ke2 Ra5 18. Rd1 h6 19. h3 Ne5 20. Rc1 Nfd7 21. Ne4 Rxc1 22. Bxc1 f5 23. Nc3 Ra6 24. Nb5 Nc5 25. Rb1 Ned3 26. Bd2 e5 27. Bc3 Ra8 28. f3 Kh7 29. Rd1 e4 {Sivuk,V (2541)-Droin,A (2476) Ceyreste FRA 2024 ½-½ (50)}) 15... Rxa6 16. Ke2 Nc5 17. Rb1 Nfe4 18. Nxe4 Nxe4 19. Rb3 Rc8 20. Bb2 f6 21. f3 Nd6 22. Rc1 Rxc1 23. Bxc1 b5 24. Bd2 Kf7 25. Bb4 Nc4 26. e4 f5 27. Kd3 f4 28. Kd4 Rc6 29. Bc5 Ne3 30. Rxb5 Nxg2 31. Rb7+ Kg8 32. Bb4 g5 33. Ke5 Nh4 34. Bd6 h6 35. Kxe6 Nxf3 36. e5 Ra6 37. Kf6 Nh4 38. Rb2 f3 39. Rd2 g4 40. e6 f2 41. Rxf2 Rxd6 42. Rf4 h5 43. a4 Ra6 44. Rc4 Nf3 45. a5 Nxh2 46. Rc5 g3 47. Rg5+ Kf8 48. Rxg3 Ng4+ 49. Kg6 Rxe6+ 50. Kxh5 Nf6+ 51. Kh4 Ra6 52. Ra3 Kf7 53. Kg3 Ke6 54. Kf3 Ke5 55. Ke2 Kd4 56. Rd3+ Kc4 57. Ra3 Nd5 58. Ra4+ Kb3 59. Ra1 Kb2 60. Rh1 Rxa5 61. Kd3 Nb4+ 62. Ke4 Nc2 63. Rh8 Ra7 64. Rb8+ Kc1 65. Rd8 Re7+ 66. Kf4 Nb4 67. Kf5 Kc2 68. Rc8+ Kd3 69. Rc1 Kd4 70. Rd1+ Nd3 71. Ra1 Rf7+ 72. Ke6 Rf2 73. Ra4+ Ke3 74. Ke7 Rh2 75. Kf6 Rh5 76. Ra1 Rb5 77. Ra4 Nf2 78. Ke7 Rb6 79. Kd7 Ne4 80. Kc7 Rh6 81. Rb4 Nc5 82. Rc4 Ne4 83. Ra4 Kf4 84. Ra5 Rg6 85. Ra1 Nc3 86. Re1 Nd5+ 87. Kb7 Rh6 88. Re2 Rb6+ 89. Ka7 Rb3 90. Re8 Nc7 91. Re4+ Kf5 92. Re5+ Kf6 93. Rc5 Ne6 94. Rc6 Ke7 95. Rb6 Ra3+ 96. Ra6 Rc3 97. Kb6 Kd7 98. Ra1 Rb3+ 99. Ka5 Kc6 100. Rh1 Nd4 101. Rh6+ Kc5 102. Rh5+ Kc4 103. Ka6 Ne6 104. Ka5 Rb8 105. Rh4+ Kc5 106. Rh5+ Kc6 107. Rh6 Kd5 108. Rh5+ Kc4 109. Rh4+ Nd4 110. Rh5 Nb3+ 1/2-1/2

[Event "Los Inmortales op 4th"]
[Site "Santo Domingo"]
[Date "2002.12.05"]
[Round "9"]
[White "Nakamura, Hikaru"]
[Black "Tkachiev, Vladislav"]
[Result "1-0"]
[WhiteElo "2504"]
[BlackElo "2632"]
[PlyCount "89"]
[EventDate "2002.11.29"]
[EventType "swiss"]
[EventRounds "9"]
[EventCountry "DOM"]
[SourceTitle "CBM 091 Extra"]
[Source "ChessBase"]
[SourceDate "2003.01.09"]
[SourceVersion "1"]
[SourceVersionDate "2003.01.09"]
[SourceQuality "1"]

1. d4 Nf6 2. c4 e6 3. Nc3 Bb4 4. Qc2 d5 5. cxd5 Qxd5 6. Nf3 Qf5 7. Qb3 Nc6 8. e3 O-O 9. Be2 e5 10. d5 Bxc3+ 11. bxc3 Na5 12. Qa4 b6 13. c4 Bd7 14. Qd1 c6 $146 ({RR} 14... e4 15. Nd4 Qg6 16. Kf1 c6 17. dxc6 Nxc6 18. Nxc6 Bxc6 19. h4 Rfd8 20. Qc2 Ng4 21. Bb2 Qf5 22. Bxg4 Qxg4 23. Rh3 Qe6 24. Rg3 f6 25. Rc1 Rac8 26. Qe2 Qf5 27. Bd4 Bd5 28. Kg1 Be6 29. Rc3 {Kaspi,A (2427)-Huzman,A (2539) Israel 2022 ½-½ (70)}) ({RR} 14... e4 15. Nd4 Qg6 16. Kf1 c6 17. dxc6 Nxc6 18. Nxc6 Bxc6 19. h4 Rfd8 20. Qc2 Ng4 21. Bb2 Qf5 22. Bxg4 Qxg4 23. Rh3 Qe6 24. Rg3 f6 25. Rc1 Rac8 26. Qe2 Qf5 27. Bd4 Bd5 28. Kg1 Be6 29. Rc3 {Kaspi,A (2427)-Huzman,A (2539) Israel 2022 ½-½ (70)}) 15. Bb2 Rfe8 16. h3 cxd5 17. cxd5 Rad8 18. O-O e4 19. Ne5 Rxe5 20. g4 Qg5 21. h4 Qg6 22. Bxe5 Bxg4 23. Bg3 Nc4 24. Bxg4 Nxg4 25. Qe2 Nce5 26. Kg2 h5 27. Rad1 Rd6 28. Rg1 Kh7 29. Kf1 Qf5 30. Bf4 Rg6 31. Bxe5 Qxe5 32. Rg3 f5 33. Kg2 Qe7 34. Qd2 f4 35. exf4 e3 36. Qe2 Nxf2 37. Qxh5+ Rh6 38. Qf5+ g6 39. Qe6 Qg7 40. Rf1 Qb2 41. Qe7+ Kg8 42. Rxe3 Ne4+ 43. Kh3 Qb5 44. Rc1 Rh8 45. Qe6+ 1-0

[Event "Cuernavaca Young Masters"]
[Site "Cuernavaca"]
[Date "2006.02.04"]
[Round "2"]
[White "Nakamura, Hikaru"]
[Black "Volokitin, Andrei"]
[Result "1-0"]
[WhiteElo "2644"]
[BlackElo "2665"]
[PlyCount "143"]
[EventDate "2006.02.03"]
[EventType "tourn"]
[EventRounds "9"]
[EventCountry "MEX"]
[EventCategory "16"]
[SourceTitle "CBM 112"]
[Source "ChessBase"]
[SourceDate "2006.06.07"]
[SourceVersion "1"]
[SourceVersionDate "2006.06.07"]
[SourceQuality "1"]

1. d4 Nf6 2. c4 e6 3. Nc3 Bb4 4. e3 O-O 5. a3 Bxc3+ 6. bxc3 c5 7. Bd3 Nc6 8. Ne2 b6 9. e4 Ne8 10. O-O Ba6 11. f4 f5 12. exf5 exf5 13. dxc5 bxc5 14. Ng3 g6 15. Be3 d6 16. Bxf5 gxf5 17. Qd5+ Rf7 18. Qxc6 Bb7 19. Qa4 Qf6 20. Rab1 Ng7 21. Qd1 $146 ({RR} 21. Rf2 Re8 22. Bd2 Qg6 23. Qd1 h5 24. Re2 Rfe7 25. Rxe7 Rxe7 26. Qf1 h4 27. Nh1 Nh5 28. Rb2 h3 29. g3 Bg2 30. Qd1 Kg7 31. Bc1 Qe6 32. Bd2 Qg6 33. Bc1 Qe8 34. Bd2 Bxh1 35. Kxh1 Qc6+ {Mohammadi,S (1807)-Rojas Daza,E Chess.com INT 2021 0-1 (35)}) ({RR} 21. Rf2 Re8 22. Bd2 Qg6 23. Qd1 h5 24. Re2 Rfe7 25. Rxe7 Rxe7 26. Qf1 h4 27. Nh1 Nh5 28. Rb2 h3 29. g3 Bg2 30. Qd1 Kg7 31. Bc1 Qe6 32. Bd2 Qg6 33. Bc1 Qe8 34. Bd2 Bxh1 35. Kxh1 Qc6+ {Mohammadi,S (1807)-Rojas Daza,E Chess.com INT 2021 0-1 (35)}) 21... Re8 22. Re1 Qg6 23. Bf2 Rxe1+ 24. Qxe1 h5 25. h4 Rd7 26. Qd1 Kh7 27. Qa4 Qf7 28. Rd1 Ne6 29. Be3 Qg7 30. Kf2 Kg6 31. Rd2 Qe7 32. Qd1 Qxh4 33. Rxd6 Re7 34. Rd7 Qh2 35. Rxe7 Qxg2+ 36. Ke1 Qxg3+ 37. Kd2 Kf6 38. Rh7 Nxf4 39. Qf1 Ng2 40. Bxc5 Be4 41. Bd4+ Ke6 42. c5 Qg5+ 43. Kd1 Qg4+ 44. Kc1 Qg5+ 45. Kd1 Qg4+ 46. Qe2 Nf4 47. Rh6+ Kd7 48. Qxg4 hxg4 49. Rh7+ Kc6 50. Rxa7 g3 51. Rg7 g2 52. Kd2 Ne6 53. Rg8 f4 54. Bf2 f3 55. a4 Nf4 56. Ke3 Bd5 57. Rg4 Ne2 58. c4 Bf7 59. a5 Nc3 60. Rf4 Bh5 61. Kd2 Nd1 62. Rf6+ Kc7 63. Ke1 Nb2 64. Bg3+ Kd7 65. Kf2 Nd1+ 66. Kg1 Nc3 67. Bf2 Ne4 68. c6+ Kd8 69. Re6 Nxf2 70. Kxf2 Bf7 71. a6 Bxe6 72. a7 1-0

[Event "Gibraltar Masters"]
[Site "Caleta"]
[Date "2005.02.01"]
[Round "8"]
[White "Nakamura, Hikaru"]
[Black "Ward, Christopher"]
[Result "1-0"]
[WhiteElo "2613"]
[BlackElo "2485"]
[PlyCount "137"]
[EventDate "2005.01.25"]
[EventType "swiss"]
[EventRounds "10"]
[EventCountry "GGB"]
[SourceTitle "CBM 104 Extra"]
[Source "ChessBase"]
[SourceDate "2005.03.01"]
[SourceVersion "1"]
[SourceVersionDate "2005.03.01"]
[SourceQuality "1"]

1. d4 Nf6 2. c4 e6 3. Nc3 Bb4 4. e3 b6 5. Nge2 Ne4 6. Qc2 Bb7 7. Nf4 O-O 8. Bd3 f5 9. O-O Bxc3 10. bxc3 c5 $146 ({RR} 10... Qe7 11. a4 d6 12. f3 Ng5 13. Ne2 Nd7 14. a5 Rab8 15. Bd2 g6 16. Ng3 e5 17. f4 e4 18. Be2 Nf7 19. axb6 axb6 20. Ra7 Nd8 21. Qa4 Nf6 22. Nh1 Qd7 23. Qb5 Bc6 24. Qb2 Bb7 25. Bd1 {Gustafsson,J (2355)-Starke,R (2135) Pinneberg 1997 1-0 (60)}) ({RR} 10... Nd6 11. f3 Nc6 12. Ba3 Ba6 13. Qa4 Na5 14. c5 Bxd3 15. Nxd3 Ndc4 16. cxb6 Nxa3 17. b7 Nxb7 18. Qxa3 c5 19. Rab1 Qc7 20. Nxc5 Nxc5 21. Qxc5 Qxc5 22. dxc5 Rab8 23. Rb4 a5 24. Rb6 Rbc8 25. Rd1 {Norri,J (2396)-Maki Uuro,M (2363) Finland 1999 ½-½ (67)}) 11. f3 Nd6 12. e4 Nc6 13. e5 Nf7 14. Qf2 Rc8 15. Be3 Qe7 16. Rac1 Kh8 17. Rfe1 Na5 18. Qe2 Ba6 19. Bf2 Qg5 20. Nh3 Qh5 21. Be3 Qh4 22. Bf2 Qh5 23. Be3 Qh4 24. Red1 Rc7 25. f4 cxd4 26. cxd4 Rfc8 27. c5 Bxd3 28. Qxd3 bxc5 29. Qb5 Nc6 30. Rxc5 Ne7 31. Rxc7 Rxc7 32. d5 Nxd5 33. Ng5 g6 34. Nxf7+ Kg7 35. Nd6 Nxe3 36. Ne8+ Kh6 37. Qb4 d6 38. Nxc7 Nxd1 39. Qd2 dxe5 40. Nxe6 exf4 41. Nxf4 Nb2 42. Nd3+ g5 43. Nxb2 Qe4 44. Nd1 f4 45. h3 f3 46. g4 Qe2 47. Qd6+ Kg7 48. Qd4+ Kg8 49. Nf2 Qxa2 50. Qd8+ Kf7 51. Qd7+ Kf8 52. Qf5+ Ke8 53. Qe4+ Kd8 54. Qxf3 a5 55. Nd3 a4 56. Qf8+ Kc7 57. Qg7+ Kc8 58. Qh8+ Kc7 59. Qxh7+ Kc8 60. Qh8+ Kc7 61. Qe5+ Kc8 62. Qc5+ Kb7 63. Qb4+ Kc7 64. Qc3+ Kd8 65. Nc1 Qe6 66. Kf2 Qb6+ 67. Ke2 Qg1 68. Kd2 Qg2+ 69. Ne2 1-0

[Event "Chessable Masters Div 2 W"]
[Site "chess.com INT"]
[Date "2024.02.02"]
[Round "1.3"]
[White "Nakamura, Hi"]
[Black "Yu Yangyi"]
[Result "0-1"]
[WhiteElo "2788"]
[BlackElo "2720"]
[PlyCount "89"]
[EventDate "2024.02.02"]
[EventType "k.o."]

1. d4 Nf6 2. c4 e6 3. Nc3 Bb4 4. Qc2 d6 5. a3 Bxc3+ 6. Qxc3 O-O 7. Bg5 h6 8. Bh4 Nc6 ({RR} 8... Re8 9. f3 e5 10. dxe5 dxe5 11. e3 a5 12. Ne2 a4 13. g4 Na6 14. Rd1 Qe7 15. Rg1 Nc5 16. h3 Ra6 17. Bf2 e4 18. Bg2 exf3 19. Bxf3 Nfe4 20. Qc1 Nb3 21. Qc2 Nxf2 22. Kxf2 Qxe3+ 23. Kg2 {Sarana,A (2685)-Caruana,F (2764) chess.com INT 2023 0-1 (51)}) 9. Nf3 ({RR} 9. e3 a5 10. Bd3 Qe7 11. Ne2 e5 12. d5 Nb8 13. e4 a4 14. f4 Nbd7 15. f5 Nc5 16. Bxf6 Qxf6 17. O-O Qg5 18. Rf3 Bd7 19. Raf1 Nb3 20. Bc2 b5 21. Bxb3 axb3 22. c5 Ra4 23. c6 Rxe4 {Nemtsas,H (2025)-Makrylakis,I (1957) Athens GRE 2025 1-0 (39)}) 9... g5 $146 ({RR} 9... Re8 10. e3 e5 11. Be2 exd4 12. Nxd4 Nxd4 13. Qxd4 Re6 14. O-O Qe8 15. Bxf6 Rxf6 16. Bf3 c6 17. b4 Bf5 18. Rfd1 Qe7 19. b5 c5 20. Qc3 Be4 21. Bxe4 Qxe4 22. Rd5 Re8 23. Rad1 Rg6 24. g3 {Pesotskiy,M (2211)-Tereladze,S (2141) Chess.com INT 2020 1-0 (47)}) 10. Bg3 Ne4 11. Qc2 f5 12. e3 Qf6 13. Bd3 Nxg3 14. fxg3 e5 15. d5 e4 16. dxc6 exd3 17. Qxd3 bxc6 18. O-O c5 19. b4 Bb7 20. Nd2 Rae8 21. Rab1 Bc6 22. b5 Bb7 23. a4 Re5 24. a5 Qe6 25. Rb3 Re8 26. Re1 d5 27. b6 cxb6 28. axb6 a6 29. Rc1 d4 30. Qe2 Rxe3 31. Rxe3 dxe3 32. Nf1 Qxb6 33. h4 Qc6 34. Rc3 Qxg2+ 35. Qxg2 Bxg2 36. Nxe3 Be4 37. hxg5 hxg5 38. Ra3 Re6 39. Ra5 Rc6 40. Nd1 Kf7 41. Nc3 Ke6 42. Na4 Kd6 43. Kf2 Bc2 44. Nb2 Rb6 45. Ra2 0-1

[Event "Titled Tue 7th Mar Early"]
[Site "chess.com INT"]
[Date "2023.03.07"]
[Round "8"]
[White "Bluebaum, M.."]
[Black "Nakamura, Hi"]
[Result "1-0"]
[WhiteElo "2661"]
[BlackElo "2768"]
[PlyCount "72"]
[EventDate "2023.03.07"]

1. d4 Nf6 2. c4 e6 3. Nc3 Bb4 4. e3 O-O 5. Bd2 b6 6. Nf3 d5 7. cxd5 exd5 8. Rc1 Re8 9. Ne5 ({RR} 9. Bd3 Ba6 10. Bxa6 Nxa6 11. O-O Bf8 12. Ne2 Qc8 13. Qa4 c5 14. Ng3 Qb7 15. dxc5 Nxc5 16. Qb5 Rac8 17. Rfd1 a6 18. Qf1 Nfe4 19. Be1 g6 20. Ne2 Na4 21. Rb1 Bg7 22. Nfd4 Nac5 23. Nf3 Ne6 {Aronian,L (2767)-Carlsen,M (2863) Stavanger 2020 ½-½}) 9... c5 10. a3 $146 ({RR} 10. Bb5 Re6 11. O-O Bxc3 12. Bxc3 Ne4 13. Be1 f6 14. Nd3 Ba6 15. Bxa6 Nxa6 16. f3 Ng5 17. dxc5 Rxe3 18. Bf2 Re8 19. cxb6 axb6 20. Nf4 Nc5 21. b4 Nce6 22. Nxd5 Rxa2 23. Bxb6 Qa8 24. Qb3 Nf7 {Mayrhuber,N (2117)-Neumeier,K (2267) Austria AUT 2022 1-0 (42)}) ({RR} 10. Bb5 Bd7 11. Nxd7 Nbxd7 12. O-O Rc8 13. Qa4 a6 14. Bxd7 Qxd7 15. Qxa6 c4 16. a4 Ra8 17. Qb5 Qxb5 18. axb5 Ra5 19. Ra1 Rea8 20. Rxa5 Rxa5 21. f3 h5 22. Rb1 Bxc3 23. Bxc3 Rxb5 24. Ra1 Rb3 {Bluebaum,M (2663)-Nakamura,H (2804) London ENG 2025 ½-½ (33)}) 10... cxd4 11. exd4 Bd6 12. Bb5 Re7 13. O-O h6 14. Bf4 a6 15. Bd3 Re8 16. Qf3 Be6 17. Rfe1 Ra7 18. h3 Bf8 19. Bb1 b5 20. Qd3 g6 21. Qd2 g5 22. Be3 Nh5 23. Qd1 Nf4 24. Bxf4 gxf4 25. Qd3 Bg7 26. Qh7+ Kf8 27. Bf5 Qf6 28. Bxe6 fxe6 29. Nxd5 exd5 30. Ng6+ Kf7 31. Rxe8 Kxe8 32. Qg8+ Bf8 33. Rc8+ Kd7 34. Rxf8 Qxd4 35. Rxb8 Kc6 36. Qe6+ Kc7 1-0

[Event "Titled Tue 11th Apr Early"]
[Site "chess.com INT"]
[Date "2023.04.11"]
[Round "7"]
[White "Bluebaum, M.."]
[Black "Nakamura, Hi"]
[Result "0-1"]
[WhiteElo "2660"]
[BlackElo "2775"]
[PlyCount "98"]
[EventDate "2023.04.11"]

1. d4 {Stockfish 16.1 - Chessbase} Nf6 2. c4 e6 3. Nc3 Bb4 4. e3 O-O 5. Bd2 c5 6. a3 Bxc3 7. Bxc3 Ne4 8. Ne2 b6 9. d5 Ba6 10. Qd3 ({RR} 10. b3 b5 11. Qc2 exd5 12. cxd5 Nxc3 13. Qxc3 ({RR} 13. Nxc3 b4 14. Bxa6 Nxa6 15. axb4 Nxb4 16. Qd2 d6 17. O-O Qb6 18. Ra4 Rfb8 19. Rfa1 a5 20. h3 h6 21. R1a3 Ra7 22. Qe2 Qb7 23. e4 Rba8 24. f4 Ra6 25. Kh1 Kh8 26. Kg1 Kg8 27. Kh1 Kh8) 13... d6 14. Ng3 Nd7 15. Be2 Nf6 16. Qd2 Re8 17. f3 Qb6 18. e4 Bc8 19. a4 Bd7 ({RR} 19... bxa4 20. bxa4) 20. axb5 Bxb5 21. Bxb5 Qxb5 22. Nf5 Nxe4 ({RR} 22... Qb6 23. O-O Nd7 24. Qa5 Reb8 25. Qa6 g6 26. Nxd6 Qxb3 27. Qc6 Ne5 28. Qxc5) 23. fxe4 Rxe4+ 24. Kf2 Re5 {Nakamura,H (2794)-Praggnanandhaa R (2747) Stavanger, Norway 2024 [Stockfish 16.1 - Chessbase] 1-0 (86)}) ({RR} 10. b3 b5 11. Qc2 exd5 12. cxd5 Nxc3 13. Qxc3 d6 14. Ng3 Nd7 15. Be2 Nf6 16. Qd2 Re8 17. f3 Qb6 18. e4 Bc8 19. a4 Bd7 20. axb5 Bxb5 21. Bxb5 Qxb5 22. Nf5 Nxe4 23. fxe4 Rxe4+ 24. Kf2 Re5 {Nakamura,H (2794)-Praggnanandhaa,R (2747) Stavanger NOR 2024 1-0 (86)}) 10... f5 11. g3 $146 ({RR} 11. f3 Nxc3 12. Nxc3 e5 13. O-O-O d6 14. g4 e4 15. fxe4 fxe4 16. Qxe4 Re8 17. Qf5 Re5 18. Qf4 Qe7 19. Bd3 Nd7 20. Rde1 Rf8 21. Qg3 Re8 22. Kd2 Bb7 23. Qh3 g6 24. Qg3 a6 25. a4 Nf6 {Terbe,Z (2194)-Trippold,D (2131) Corte 2022 1-0 (45)}) ({RR} 11. f3 Nxc3 12. Nxc3 Qf6 13. Be2 e5 14. d6 Nc6 15. O-O Rae8 16. b4 Bc8 17. bxc5 bxc5 18. Qd5+ Kh8 19. Qxc5 e4 20. Nd5 Qb2 21. Rae1 exf3 22. Bxf3 Ne5 23. Be2 Ng6 24. Bh5 Re6 25. Bxg6 Rxg6 {Bluebaum,M (2643)-Pichot,A (2613) chess.com INT 2025 1-0 (31)}) 11... Nxc3 12. Nxc3 e5 13. d6 Bb7 14. Nd5 Kh8 15. Bg2 e4 16. Qd1 Nc6 17. O-O Ne5 18. b3 Bxd5 19. Qxd5 Qf6 20. b4 Rac8 21. b5 g5 22. a4 Rce8 23. a5 Re6 24. axb6 axb6 25. Rfd1 h5 26. Ra8 Kg7 27. Rxf8 Qxf8 28. h3 h4 29. gxh4 gxh4 30. Kh1 Kh6 31. Qb7 Rxd6 32. Rxd6+ Qxd6 33. Qc8 Kg7 34. Qd8 Qf6 35. Qe8 d6 36. Bf1 Nd3 37. Qd7+ Kh6 38. Be2 Nxf2+ 39. Kg2 Nd3 40. Qc8 f4 41. exf4 Nxf4+ 42. Kf2 Nxh3+ 43. Ke1 Nf4 44. Qg4 e3 45. Bf3 Qc3+ 46. Kf1 Qc1+ 47. Bd1 e2+ 48. Kf2 exd1=N+ 49. Kf3 Qe3# 0-1